| 000 | 01194cab a2200349 4500 | ||
|---|---|---|---|
| 001 | ABS46361 | ||
| 008 | 090401t1992 xxu||||| |||| 00| 0 eng d | ||
| 035 | _a(Sirsi) u57952 | ||
| 041 | _aeng | ||
| 245 | _aBedfordshire & Buckinghamshire | ||
| 260 | _c1992 | ||
| 350 | _a0 | ||
| 490 |
_aEstates Times _v(1143) 15 May 1992, 11-24(12) |
||
| 520 | _aSurvey of the property market in Beaconsfield, Gerrards Cross, Amersham, Chesham, Wendover, High Wycombe, Buckingham and Aylesbury, with more detailed comment on the industrial, office and retail sectors of Milton Keynes, Luton and Bedford. Planning for a large population increase in Bedfordshire underlies local market prospects. | ||
| 650 | _aAMERSHAM | ||
| 650 | _aAYLESBURY | ||
| 650 | _aBEACONSFIELD | ||
| 650 | _aBEDFORD | ||
| 650 | _aBEDFORDSHIRE | ||
| 650 | _aBUCKINGHAM | ||
| 650 | _aBUCKINGHAMSHIRE | ||
| 650 | _aDUNSTABLE | ||
| 650 | _aESTATES TIMES SURVEY | ||
| 650 | _aGERRARDS CROSS | ||
| 650 | _aHIGH WYCOMBE | ||
| 650 | _aMILTON KEYNES | ||
| 650 | _aPROPERTY MARKET | ||
| 650 | _aWENDOVER | ||
| 690 | _aPROPERTY-COMMERCIAL PROPERTY-COMMERCIAL PROPERTY MARKET | ||
| 942 | _n0 | ||
| 948 | _c04/03/1997 | ||
| 999 |
_c35371 _d35371 |
||